000 00647nam a22002297a 4500
003 UA-OsUOA
001 38190
007 ta
008 20070917b un ||||| |||| 00| 0 ukr d
100 _aСергійчук В.
090 _a94(477).06
_bС32
942 _cBK
040 _aUA-OsUOA
_bukr
_cUA-OsUOA
_dUA-OsUOA
245 _aУкраїнська соборність
_bВідродження українства в 1917-1920 роках
300 _a412 с.
955 _a1
041 _aukr
080 _a94(477).06
260 _aКиїв
_c1999
650 7 _a9 Географія. Біографії. Історія
_2UDC
999 _c436716
_d436716